Регионална библиотека "Любен Каравелов" - Русе

Момчето и рекичката (Запис номер 139784)

MARC детайли
000 -Лидер
Контролно поле с фиксирана дължина 01457nam a2200313 c 4500
003 - Код на организацията, давaща контролен номер
Контролно поле BLK
005 - Дата и час на последна редакция
Контролно поле 20180422112231.0
008 - Елементи от данни с фиксирана дължина
fixed length control field 180409b bul|||||r ||||||| ||bul||
010 ## - Наследен системен номер
LC control number KNG00145834000
040 ## - Източник на каталожния запис
Идентификатор на билиотеката - собственик на записа BLK
041 ## - Код за език
Код за езика на текст/звукозапис или на отделно заглавие Български
Код за езика КДБФ Български
080 ## - УДК
Текстов определител УДК Българска литература
УДК код - определител по УДК 821.163.2
УДК определител -93-32
УДК - код + определител 821.163.2-93-32
100 1# - Редна дума - Автор
Автор Зеленгоров, Владимир
Авторска отговорност първи автор
Автор - информация (биография) Симеонов, Владимир Иванов
R(LIN) 69597
139 ## - Редно поле
Редна дума Зеленгоров, Владимир
Авторски знак Зел - З 52
245 10 - Сведения за заглавието
Заглавие Момчето и рекичката
Подзаглавни данни Разказ
Редно поле (дума) Владимир Зеленгоров; карт. нарис. Нева Тузсузова; * Владимир Иванов Симеонов.
257 ## - Страна на издаване
Страна на създаване/издаване България
260 ## - Област на издателските данни
-- София
Име на издателя, разпространителя и проч. сп. Славейче
Година на издаване 1964
300 ## - Физическа характеристика
Страници 16 с.
Илюстрации и др. с ил.
Размери/Мащаб 15 см
380 ## - Жанр
Жанр Детска худож. лит.
490 1# - СЕРИИ (Колекции)
Име на серия Библиотека Славейче
№: серия Г. VII, кн. 9
500 ## - Общи забележки
Забележка Владимир Зеленгоров е псевдоним на Владимир Иванов Симеонов. - 80 000 тир.
700 1# - Други автори (авторска отговорност)
Лично име Тузсузова, Нева
Автороска отговорност (Описва отношението между автора и произведението) карт. нарис.
9 (RLIN) 367295
700 1# - Други автори (авторска отговорност)
Лично име Симеонов, Владимир Иванов
Автороска отговорност (Описва отношението между автора и произведението) *
9 (RLIN) 326867
852 ## - Местоположение
Форматна сигнатура Цб І 34847
856 4# - Електронен адрес и достъп
Електронен формат pdf - файл
Път до файла /url/
856 4# - Електронен адрес и достъп
Електронен формат pdf - файл
Път до файла /url/
942 ## - АРТИКУЛИ
Вид на библиотечния материал Книги
Скрит в OPAC Не
944 ## - СЪЗДАВАНЕ И РЕДАКЦИЯ на ЗАПИСА
Създаване/Редакция Създаване
Дата на регистрацията/редакция 15.07.2013
Статус, дата на статуса 15.07.2013 - от С1,Р / 15.07.2013
Служител, извършил регистрацията/редакцията Елиза_Атанасова
944 ## - СЪЗДАВАНЕ И РЕДАКЦИЯ на ЗАПИСА
Създаване/Редакция Редакция
Дата на регистрацията/редакция 15.07.2013
Статус, дата на статуса 15.07.2013 - от С1,Р / 15.07.2013
Служител, извършил регистрацията/редакцията
999 ## - СИСТЕМНИ КОНТРОЛНИ НОМЕРА
Koha biblionumber 139784
Koha biblioitemnumber 139784
Наличности
Код за отписване Код за изгубен артикул Източник на класификационната схема Код за повреда Коз за рестрикции Код за отдаване Артикулен № Име на библиотеката - собственик Име на библиотеката, в която се намира в момента Статус (Текущо местоположение) Дата на вписване в системата Местоположение - отдел Цена в лева Инвентарен номер Систематично азбучна сигнатура Баркод Номер на екземпляра Цена в евро Служебна бележка Служебен тип на артикула
  Не е изгубен Universal Decimal Classification Не е повреден без рестрикции ползва се в читалня 228974 Регионална библиотека "Любен Каравелов" Русе Регионална библиотека "Любен Каравелов" Русе Хранилище 1964-01-01 Хранилище 0.06 4324/65 Цб І 34847 900000022602 1 0.03 N: стар фонд Дата: 01.01.1964 Книги
Vip Innovations Ltd, Rousse, Bulgaria 2025